Movies Quiz

Random Movies or Director Quiz

Best Director Oscar Winners and Nominees (1929-1939) Quiz Stats

Quiz not verified by Sporcle

Score 0/50 Timer 10:00
0 Plays Today
Year Director % Correct
1934Frank Capra
96.7%
1935Frank Capra
96.7%
1937Frank Capra
96.7%
1939Frank Capra
96.7%
1929Lewis Milestone
78.7%
1931Lewis Milestone
78.7%
1932Lewis Milestone
78.7%
1936John Ford
77%
1937William Wyler
77%
1934George Cukor
72.1%
1930Frank Lloyd
68.9%
1930Frank Lloyd
68.9%
1934Frank Lloyd
68.9%
1936Frank Lloyd
68.9%
1936Michael Curtiz
68.9%
1939Michael Curtiz
68.9%
1939Michael Curtiz
68.9%
1929King Vidor
65.6%
1931King Vidor
65.6%
1933King Vidor
65.6%
1939King Vidor
65.6%
1938Leo McCarey
62.3%
1931Clarence Brown
57.4%
1931Clarence Brown
57.4%
1932Clarence Brown
57.4%
Year Director % Correct
1929Frank Borzage
55.7%
1933Frank Borzage
55.7%
1930Ernst Lubitsch
54.1%
1931Ernst Lubitsch
54.1%
1938William A. Wellman
50.8%
1932Josef von Sternberg
49.2%
1933Josef von Sternberg
49.2%
1929Ted Wilde
42.6%
1935W.S. Van Dyke
39.3%
1937W.S. Van Dyke
39.3%
1932Norman Taurog
32.8%
1939Norman Taurog
32.8%
1930Lionel Barrymore
29.5%
1937Gregory La Cava
27.9%
1938Gregory La Cava
27.9%
1931Robert Z. Leonard
26.2%
1937Robert Z. Leonard
26.2%
1938William Dieterle
24.6%
1930Harry Beaumont
21.3%
1935Victor Schertzinger
19.7%
1929Herbert Brenon
16.4%
1930Irving Cummings
16.4%
1936Henry Hathaway
16.4%
1938Sidney Franklin
16.4%
1932Wesley Ruggles
11.5%

You're not logged in!

Compare scores with friends on all Sporcle quizzes.
Sign Up with Email
OR
Log In

You Might Also Like...

Show Comments

Extras

Top Quizzes Today


Score Distribution

Your Account Isn't Verified!

In order to create a playlist on Sporcle, you need to verify the email address you used during registration. Go to your Sporcle Settings to finish the process.